Discriminacin̤ racial, intolerancia y fanatismo en la Unin̤ Europea

Bibliographic Details
Format: eBook
Language:Spanish
Published: Madrid: Dykinson, 2020
Subjects:
Online Access:Acceso restringido

MARC

LEADER 00000nam a22000007a 4500
005 20200520144939.0
007 cr|||| |||
008 200520s2020 es |||||s|||| 00||0 spa d
020 |a 978-84-1324-657-4 
035 |a 31536 
040 |a vLex 
090 |c 10348  |d 10348 
245 1 0 |a Discriminacin̤ racial, intolerancia y fanatismo en la Unin̤ Europea  |h [Recurso electrn̤ico] / 
256 |a Servicio en ln̕ea 
260 |a Madrid:  |b Dykinson,  |c 2020 
300 |a 1 recurso electrn̤ico 
506 1 |a Disponible solo en los productos indicados  |d vLex Global  |d vLex Global (Academic Edition, excluding Law Schools)  |d vLex Global (U.S. Academic Edition, Law Schools)  |d vLex Global (U.S. Academic Edition, excluding Law Schools)  |d vLex Global (Academic Edition, Law Schools) 
650 0 4 |a Derecho Comunitario  |z Espaą 
740 0 |a vLex Libros (Servicio en ln̕ea) 
856 4 0 |u http://vlex.com/source/discriminacion-racial-intolerancia-fanatismo-union-europea-31536  |z Acceso restringido 
942 |c BOOK 
999 0 |a Community law